Jeu de mots - Change ta lettre - 2 - Statistiques

Statistiques générales
  • Ce quiz a été pris 91 fois
  • Le résultat moyen est 14 sur 17
Statistiques - réponses
Hint Réponse % Correct
Contraire de descend. Monte
94%
On la ressent lorsque l'on a du chagrin. Peine
94%
Se monte plus difficilement. Surtout lorsqu'elle est raide. Pente
94%
Porte la couronne. Peut diriger le Royaume-Uni par exemple. Reine
94%
Pâte italienne. Penne
93%
Outils indispensable du campeur qui se respecte. Tente
92%
Sa lecture permet l'endormissement des enfants. En principe. Conte
90%
Titre nobiliaire d'Edmond Dantès. Comte
88%
Peut être viagère. Elle tombe régulièrement. Rente
82%
Rafraîchissement capillaire. Tonte
82%
Dépôt d'un oeuf. Ponte
81%
Le curieux y met l'oeil... Fente
79%
État du Nord-Est des États-Unis connu pour sa sylviculture. Maine
77%
Rencontre l'Yonne à Montereau. Seine
76%
On la soulève avec plus ou moins de difficulté. Fonte
75%
Elle peut l'être d'esprit lorsqu'elle a toute sa tête. Saine
74%
Acteur prénommé Michael ayant joué dans "Get Carter" et dans trois Batman. Caine
54%
Aucun quiz correspondant
Distribution des résultats
% des personnes avec chaque résultat
Percentile par nombre de réponses
Votre historique - résultats
Vous n’avez pas pris ce quiz